PROCEEDINGS 3RD INTERNATIONAL SYMPOSIUM ON MECHANICAL VIBRATIONS, ISMV-2002 (Record no. 571147)

000 -LEADER
fixed length control field 00586nam a22001337a 4500
020 ## - INTERNATIONAL STANDARD BOOK NUMBER
International Standard Book Number 969-8122-15-X
082 ## - DEWEY DECIMAL CLASSIFICATION NUMBER
Classification number 620.3 PRO
100 ## - MAIN ENTRY--PERSONAL NAME
Personal name DR. G YASIN CHOHAN MUHAMMAD AMIR DR.M ASHRAF ATTA
9 (RLIN) 61830
245 ## - TITLE STATEMENT
Title PROCEEDINGS 3RD INTERNATIONAL SYMPOSIUM ON MECHANICAL VIBRATIONS, ISMV-2002
260 ## - PUBLICATION, DISTRIBUTION, ETC.
Place of publication, distribution, etc. PAKISTAN
Name of publisher, distributor, etc. A. Q. KHAN R. L
Date of publication, distribution, etc. 2002
300 ## - PHYSICAL DESCRIPTION
Extent XVII,428P
650 ## - SUBJECT ADDED ENTRY--TOPICAL TERM
Topical term or geographic name entry element VIBRATION ANALYSIS CONGRESSES, ROTOR DYNAMICS CONGRESSES, VIBRATION MEASUREMENT CONGRESSES, ROTATIONAL MOTION RIGID DYNAMICS CONGRESSES, NOISE CONTROL CONGRESSES, VIBRATION CONTROL CONGRESSES
9 (RLIN) 61831
942 ## - ADDED ENTRY ELEMENTS (KOHA)
Koha item type Book
Holdings
Withdrawn status Lost status Damaged status Not for loan Permanent Location Current Location Shelving location Date acquired Total Checkouts Full call number Barcode Date last seen Price effective from Koha item type
        College of Electrical & Mechanical Engineering (CEME) College of Electrical & Mechanical Engineering (CEME) General Stacks 07/21/2017   620.3 PRO CEME-37786 06/28/2021 06/28/2021 Book
© 2023 Central Library, National University of Sciences and Technology. All Rights Reserved.